000 00302nam a22001337a 4500
008 170324b xxu||||| |||| 00| 0 eng d
020 _a9780072300321
041 _aeng
080 _23 ED
_a615.82
100 _a8
101 _aSHM
245 _aTHE MANAGEMENT OF SPORT
_cPARKHOUSE.B.L
942 _2udc
_cBK
999 _c8603
_d8603